LEADER 01899nam 22005053 450 001 9910165256003321 005 20230801235435.0 010 $a9781776676750 010 $a1776676750 035 $a(CKB)3710000001065612 035 $a(MiAaPQ)EBC4810815 035 $a(Au-PeEL)EBL4810815 035 $a(CaPaEBR)ebr11350383 035 $a(OCoLC)974590605 035 $a(Perlego)4692762 035 $a(BIP)59103955 035 $a(EXLCZ)993710000001065612 100 $a20210901d2012 uy 0 101 0 $aeng 135 $aurcnu|||||||| 181 $ctxt$2rdacontent 182 $cc$2rdamedia 183 $acr$2rdacarrier 200 14$aThe Story of a China Cat 205 $a1st ed. 210 1$aAuckland :$cFloating Press, The,$d2012. 210 4$dİ2017. 215 $a1 online resource (79 pages) 327 $aIntro -- Title -- Contents -- Chapter I - Toy-Shop Fun -- Chapter II - A Nice Little Girl -- Chapter III - "Fire! Fire! -- Chapter IV - A Little Black Boy -- Chapter V - Rough Play -- Chapter VI - A Terrible Storm -- Chapter VII - The Rescue -- Chapter VIII - Jennie Gets the Cat -- Chapter IX - An Old Friend -- Chapter X - The Glaring Eyes. 330 $aBecause she is made of delicate material, the pretty China Cat has to be very careful, so she doesn't usually get to play the rough games that her fellow toys do in the hours when the toy shop where they all live is closed. But one day, when a crisis occurs, China Cat gets help from an unexpected rescuer. 606 $aToys 606 $aCats 606 $aChildren's stories 615 0$aToys. 615 0$aCats. 615 0$aChildren's stories. 676 $a730 700 $aHope$b Laura Lee$0829635 801 0$bMiAaPQ 801 1$bMiAaPQ 801 2$bMiAaPQ 906 $aBOOK 912 $a9910165256003321 996 $aThe Story of a China Cat$93403420 997 $aUNINA